000 02324cam a22005054i 4500
003 PE-LiUPU
005 20250731165456.0
008 150623s r 000 0 d
020 _a1850756872
035 _a(Sirsi) i9781850756873
040 _aPE-LiUPU
_bspa
_cPE-LiUPU
_erda
049 _aPRUA
082 0 4 _a225.077
_bJ
_221
100 1 _aTovey, Derek,
_eautor.
245 1 0 _aNarrative art and Act in the fourth gospel.
_n151 /
_cDerek Tovey.
264 1 _aMidsomer Norton, Bath, Great Britain :
_bSheffield Academic Press,
_c1997.
300 _a296 páginas :
_bilustraciones diagrámas ;
_c24 centímetros
336 _atext
_2rdacontent
337 _aunmediated
_2rdamedia
338 _avolume
_2rdacarrier
490 0 _aJournal for the study of the N.T. Supplement Series ;
_v151
504 _aBibliografía: p. 274-287.
505 0 _aIntroduction. -The dynamics of art and act : Narrative mediacy and the Johannine point of view. -Speech-Act theory and meaning in the fourth gospel. -The beloved disciple as a reflector-character. -From teller-Character to reflector-character: the narrative dynamics of John 3. -History and theological display : the fourth gospel as a display text. -History in theological display: the cleansing of the temple and historical reconstruction. -Conclusion: narrative art, act and meaning in the fourth gospel. -Appendix: a typological circle of ancient narrative genres: a sketch.
526 _aSEG44
526 _aSEG26
526 _aP151
526 _aP150
526 _aP149
526 _aP146
526 _aP145
526 _aP126
526 _aP125
526 _aP92
526 _aP75
526 _aP74
526 _aP27
526 _aP15
630 _aBiblia.
_pN.T.
_pJuan
_xComentarios.
942 _2ddc
_cBOOK
949 _aRC 225.077 J 151
_wDEWEY
_c1
_i45049
_lCCODEBUL1
_mBUL
_r0
_sY
_tBOOK
_u2015-6-24
_xTEOLOGIA
_PP35
_0COMPRA
_o.CIRCNOTE. No olvidar cambiar la fecha de devolución!!!!!!!
_o.STAFF. Colección General
994 _aC0
_bPEPRU
596 _a1
999 _aRC 225.077 J 151
_wDEWEY
_c21931
_i45049
_f2021-11-8
_g6
_lCCODEBUL1
_mBUL
_r1
_sY
_tBOOK
_u2015-6-24
_xTEOLOGIA
_PP35
_0COMPRA
_o.CIRCNOTE. No olvidar cambiar la fecha de devolución!!!!!!!
_o.STAFF. Colección General
_d21931
980 _81
_gALBERTO SANCHEZ Responsable de Automatización